Реклама в местах продаж: учебное пособие для вузов

Podrobná bibliografie
Další autoři: Колышкина Т. Б. (составитель), Маркова Е. В., Шустина И. В.
Shrnutí:Учебное пособие раскрывает основные вопросы, связанные с разработкой, использованием и оценкой рекламы в местах продаж. В нем содержится информация о специфике такой рекламы, представлена классификация POS-материалов, подробно рассмотрены роль упаковки и ее влияние на принятие потребительского решения, дан структурный и языковой анализ основных видов POS-материалов, отмечены преимущества и ограничения использования различных технологий их изготовления. Большое внимание в пособии уделено методикам оценки различных POS-материалов, их содержанию и форме, принципам размещения, а также коммуникативной эффективности рекламы в местах продаж. Пособие предназначено для студентов и бакалавров высших учебных заведений, обучающихся по направлениям подготовки 031600.62 «Реклама и связи с общественностью», 032710.62 «Прикладная филология», 030300.62 «Психология», 080200.62 «Менеджмент», также может быть полезно преподавателям вузов, специалистам в области рекламы, психологии, лингвистики и коммерции.
Jazyk:ruština
Vydáno: Москва, Инфра-М, 2014
Edice:Высшее образование. Бакалавриат
Témata:
Médium: MixedMaterials Kniha
KOHA link:https://koha.lib.tpu.ru/cgi-bin/koha/opac-detail.pl?biblionumber=257700

MARC

LEADER 00000nam0a2200000 4500
001 257700
005 20231101233228.0
010 |a 9785911349004 
010 |a 978-5-16-009900-2 
035 |a (RuTPU)RU\TPU\book\280517 
090 |a 257700 
100 |a 20140418d2014 m y0rusy50 ca 
101 0 |a rus 
102 |a RU 
105 |a a j 001zy 
200 1 |a Реклама в местах продаж  |e учебное пособие для вузов  |f сост. Т. Б. Колышкина, Е. В. Маркова, И. В. Шустина 
210 |a Москва  |c Инфра-М  |c Форум  |d 2014 
215 |a 231 с.  |c ил. 
225 1 |a Высшее образование. Бакалавриат 
320 |a Библиогр.: с. 215-221. 
320 |a Словарь: с. 222-230. 
330 |a Учебное пособие раскрывает основные вопросы, связанные с разработкой, использованием и оценкой рекламы в местах продаж. В нем содержится информация о специфике такой рекламы, представлена классификация POS-материалов, подробно рассмотрены роль упаковки и ее влияние на принятие потребительского решения, дан структурный и языковой анализ основных видов POS-материалов, отмечены преимущества и ограничения использования различных технологий их изготовления. Большое внимание в пособии уделено методикам оценки различных POS-материалов, их содержанию и форме, принципам размещения, а также коммуникативной эффективности рекламы в местах продаж. Пособие предназначено для студентов и бакалавров высших учебных заведений, обучающихся по направлениям подготовки 031600.62 «Реклама и связи с общественностью», 032710.62 «Прикладная филология», 030300.62 «Психология», 080200.62 «Менеджмент», также может быть полезно преподавателям вузов, специалистам в области рекламы, психологии, лингвистики и коммерции. 
606 1 |a Реклама  |2 stltpush  |3 (RuTPU)RU\TPU\subj\24860  |9 49135 
610 1 |a рекламная деятельность 
610 1 |a POS-материалы 
610 1 |a коммерческая реклама 
610 1 |a упаковка 
610 1 |a торговая реклама 
610 1 |a вывески 
610 1 |a витрины 
610 1 |a рекламные листовки 
610 1 |a рекламные плакаты 
610 1 |a буклеты 
610 1 |a рекламный дизайн 
610 1 |a рекламные каталоги 
610 1 |a рекламный проспект 
610 1 |a информация 
610 1 |a языковые особенности 
610 1 |a учебные пособия 
675 |a 659(075.8)  |v 3 
702 1 |a Колышкина  |b Т. Б.  |4 220 
702 1 |a Маркова  |b Е. В.  |4 220 
702 1 |a Шустина  |b И. В.  |4 220 
801 1 |a RU  |b 63413507  |c 20140418 
801 2 |a RU  |b 63413507  |c 20150707  |g RCR 
942 |c BK 
959 |a 73/20140416  |d 2  |e 329,90  |f ЧЗГЛ:1  |f АНЛ:1